00278nam a2200109Ia 4500008004100000100001600041245003500057260003800092650001400130942000700144999001700151190216s9999||||xx |||||||||||||| ||und|| aO N V Kurup 0aOnvyude Nalu Kavya Samaharangl bSahithya Pravarthaka Co-Operative aKavithkal cBK c26351d26351